stranger things quiz - Statistics

General Stats
  • This quiz has been taken 565 times
  • The average score is 10 of 15
Answer Stats
questions Answer % Correct
in dungeons and dfagons what was the last number will roled 7
91%
what is elevens real name jane
88%
what is mikes last name wheeler
88%
what is wills last name byers
87%
what does wills mom put up to communcate with him lights
84%
what creature takes will demogorgon
83%
what is the last name of lucas sinclair
83%
what is dustins last name henderson
82%
who is mikes little sister holly
82%
what does will call his fort castle byers
76%
what is elevens sisters name kali
64%
what time did mike tell eleven to meet him after school 3:15
55%
when joyce asks will where he is how does he respond right here
44%
how many words does eleven say in the whole series 246
15%
what is elevens favorite food eggo waffels
6%
No matching quizzes found
Score Distribution
Percent of People with Each Score
Percentile by Number Answered
Your Score History
You have not taken this quiz